| 000 | 00989nam a22002297a 4500 | ||
|---|---|---|---|
| 999 |
_c63464 _d63464 |
||
| 005 | 20240530110642.0 | ||
| 008 | 171023s2015 ua aof f b 000 0 ara d | ||
| 017 |
_a2015/10384 _bمصر. دار الكتب |
||
| 020 | _a9789773506544 | ||
| 040 |
_aEG-CaGPL _cEG-CaGPL |
||
| 082 | 0 | 4 |
_221 _a932.022\ _bق/ع آ |
| 100 | 0 | _aعبدالسلام احمد فرج الله . | |
| 245 | 1 | 2 |
_aالاثار المصرية فى العصرين البطلمى و الرومانى فى وادى النيل من المنيا حتى النوبة / _cاعداد عبدالسلام احمد فرج الله . |
| 250 | _aط.1 | ||
| 260 |
_aالقاهرة : _bدار الكتاب الحديث ، _c2015 . |
||
| 300 |
_a444 ص. : _bايض. : _c24 سم. |
||
| 504 | _aببليوجرافية : ص 437 - 444 | ||
| 650 | 0 | 7 |
_2qrmak _aالاثار الرومانية فى مصر . |
| 650 | 0 | 7 |
_2qrmak _aالفن المصرى القديم . |
| 942 |
_2ddc _cBK |
||